00674nam a22001937a 450000500170000001000130001702000260003003500130005603700230006908200130009210000250010524501120013026000410024227000810028330000270036449000350039150000510042670000030047720110725165032.0 aB-441248 a9788123707341c100.00 aB-441248 bAllied Publishers  a342.5402 aKashyap, Subhash C.  aOur constitution:cby Subhash C. Kashyapban introduction to India's constitution and constitutional law /  aNew DelhibNational Book Trustc2010 aNehru Bhawan, 5 Institutional Area, Phase-II, Vasant KunjbNew Delhie110070 axxvi, 380pc24cm (pbk) aIndia- the land and the people aIncludes bibliographical references and index